Miesto regionálnej politiky Európskej únie pri realizácii koncepcie "Európy občanov"

Zaostávanie sociálnej integrácie krajín Európskej únie (EÚ) za hospodárskou a menovou integráciou. Vytváranie tzv. "Európy občanov". Regionálne disproporcie v EÚ sú stále veľmi výrazné. Politika EÚ smeruje k ich redukcii - hlavné nástroje - štruktúrne fondy EÚ. Zvyšovanie finančných prostriedkov urč...

Ausführliche Beschreibung

Gespeichert in:
Bibliographische Detailangaben
1. Verfasser: Šíbl, Drahoš
Format: Buchkapitel
Sprache:Slowakisch
Schlagworte:
Tags: Tag hinzufügen
Keine Tags, Fügen Sie das erste Tag hinzu!

MARC

LEADER 00000naa a2200000 4500
001 r015537
005 20221205090147.9
041 0 |a slo 
044 |a SK 
245 1 0 |a Miesto regionálnej politiky Európskej únie pri realizácii koncepcie "Európy občanov"  |c Drahoš Šíbl 
520 |a Zaostávanie sociálnej integrácie krajín Európskej únie (EÚ) za hospodárskou a menovou integráciou. Vytváranie tzv. "Európy občanov". Regionálne disproporcie v EÚ sú stále veľmi výrazné. Politika EÚ smeruje k ich redukcii - hlavné nástroje - štruktúrne fondy EÚ. Zvyšovanie finančných prostriedkov určených na účely regionálneho rozvoja. Reforma štruktúrnych fondov. Princípy regionálnej politiky EÚ. 
610 2 0 |a politika sociálna 
610 2 0 |a Európska únia 
610 2 0 |a integrácia 
610 2 0 |a regióny 
610 2 0 |a integrácia menová 
100 1 |a Šíbl, Drahoš